header

Communist women in Scotland (Record no. 24352)

MARC details
000 -LEADER
fixed length control field 01548nam a2200325Ia 4500
100 1# - MAIN ENTRY--AUTHOR NAME
Personal name Rafeek, Neil C.
245 10 - TITLE STATEMENT
Title Communist women in Scotland
260 ## - PUBLICATION, DISTRIBUTION, ETC. (IMPRINT)
Place of publication London ;
-- New York :
Name of publisher Tauris Academic Studies ;
Place of publication New York :
Name of publisher Distributed in the U.S.A. by Palgrave Macmillan,
Year of publication 2008.
300 ## - PHYSICAL DESCRIPTION
Number of Pages x, 294 p. :
Other physical details ill.
650 #0 - SUBJECT ADDED ENTRY--TOPICAL TERM
Topical Term Women in the labor movement
Topical Term Women and socialism
Topical Term Women and communism
Topical Term Working class
856 40 - ELECTRONIC LOCATION AND ACCESS
Uniform Resource Identifier http://site.ebrary.com/lib/rucke/Doc?id=10267539

No items available.

© 2026 Rongo University
Contact us: librarian | system librarian | Rongo university